| 000 | 00394nam a22001697a 4500 | ||
|---|---|---|---|
| 005 | 20260406135253.0 | ||
| 008 | 160627b xxu||||| |||| 00| 0 eng d | ||
| 020 | _a978-0-330-48207-3 | ||
| 041 | _aeng | ||
| 082 | _b813.6 | ||
| 100 |
_aCabot, Meg. _98922 |
||
| 245 | _aThe Princess Diaries (Third time lucky) | ||
| 260 | _bMac Millan | ||
| 300 | _a213 | ||
| 650 | _aManagement | ||
| 942 | _cBK | ||
| 999 |
_c4125 _d4124 |
||